000 00653nam a2200229Ia 4500
003 OSt
005 20220927104643.0
006 a|||||r|||| 00| 0
007 ta
008 220926b |||||||| |||| 00| 0 eng d
024 _a153862
037 _cReference Collections
040 _aRTL
_cRTL
_beng
041 _2eng
_aeng
082 _a"X:9-75.4.N7, L8/UN"
110 _aInternational Labour Office.
245 0 _aManpower assesment and planning projects in Asia.
260 _c1978
700 _aInternational Labour Office.
942 _h"X:9-75.4.N7, L8/UN"
_cCC
999 _c688201
_d688201